000 00394nam a2200145Ia 4500
008 230711s9999||||xx |||||||||||||| ||und||
041 _aENG
082 _a620.3
_bTS-M
100 _aTSE,Francis.S
245 0 _aMechanical vibrations: theory and applications
250 _a2nd
260 _c1993
_aNew Delhi
_bCBS Publishers & Distributors Pvt.Ltd
650 _aMechanical Engineering
942 _cBK
999 _c127
_d127